Statistiques concernant Trouver le film (par rapport au personnage principal)

Cliquez ici pour prendre le quiz!

Statistiques générales

  • Ce quiz a été pris 3 661 fois
  • Le résultat moyen est 13 sur 20

Statistiques - réponses

PersonnageFilm% Correct
SimbaLe Roi Lion
97%
MowgliLe Livre de la jungle
96%
Jack SparrowPirates des Caraïbes
96%
Luke SkywalkerStar Wars
95%
Tony StarkIron Man
85%
Frodon SacquetLe Seigneur des Anneaux
83%
Godefroy de MontmirailLes Visiteurs
78%
Bilbon SacquetLe Hobbit
75%
Katniss EverdeenHunger Games
73%
Patrick ChiracCamping
65%
François PignonLe Dîner de cons
65%
ScratL'Âge de glace
64%
Michael CorleoneLe Parrain
62%
Jean-Claude DusseLes Bronzés
62%
John Kramer (Jigsaw)Saw
57%
Tony MontanaScarface
56%
Hubert Bonisseur de La BathOSS 117
38%
Ellen RipleyAlien
35%
Emilien Coutant-KerbalecTaxi
21%
Bryan MillsTaken
9%

Distribution des résultats

Percentile par nombre de réponses

% des personnes avec chaque résultat

Votre développement - résultats

Vous n’avez pas pris ce quiz